Творчество нижегородских художников во времени и пространстве (Запись № 4692332)

Подробности
000 -МАРКЕР
контрольное поле 02448nam0a2200373 i 4500
001 - ИДЕНТИФИКАТОР ЗАПИСИ
контрольное поле RU\NLR\bibl\2078133
005 - ИДЕНТИФИКАТОР ВЕРСИИ
контрольное поле 20241104141111.0
010 ## - МЕЖДУНАРОДНЫЙ СТАНДАРТНЫЙ НОМЕР КНИГИ (ISBN)
Номер (ISBN) 9785905163241
Тираж 1000
021 ## - НОМЕР ГОСУДАРСТВЕННОЙ РЕГИСТРАЦИИ
Код страны Российская Федерация
Номер 2013-1931и
Номер Листа государственной регистраци 220и
035 ## - ДРУГИЕ СИСТЕМНЫЕ НОМЕРА
Идентификатор записи (nilc)RuMoRGB-006626779
035 ## - ДРУГИЕ СИСТЕМНЫЕ НОМЕРА
Идентификатор записи (NLR Aleph) 002063619
100 ## - ДАННЫЕ ОБЩЕЙ ОБРАБОТКИ
Данные общей обработки 20130812d2013 u y0rusy50 ca
101 0# - ЯЗЫК РЕСУРСА
Язык текста, звукозаписи и т.д. русский
102 ## - СТРАНА ПУБЛИКАЦИИ ИЛИ ПРОИЗВОДСТВА
Страна публикации Российская Федерация
105 ## - ПОЛЕ КОДИРОВАННЫХ ДАННЫХ: ТЕКСТОВЫЕ МАТЕРИАЛЫ, МОНОГРАФИЧЕСКИЕ
Кодированные данные о монографическом текстовом документе a z |||||
200 1# - ЗАГЛАВИЕ И СВЕДЕНИЯ ОБ ОТВЕТСТВЕННОСТИ
Основное заглавие Творчество нижегородских художников во времени и пространстве
Сведения, относящиеся к заглавию к 80-летию Нижегородского областного отделения Всероссийской творческой общественной организации "Союз художников России"
-- альбом-справочник
Первые сведения об ответственности М-во культуры Нижегор. обл. [и др.
Последующие сведения об ответственности сост.: Квач Н.В. и др.
-- авт. ст.: Квач Н.В.
-- вступ. слово: В.П. Шанцев и др.]
210 ## - ПУБЛИКАЦИЯ, РАСПРОСТРАНЕНИЕ И ДР.
Место издания, распространения и т.д. Нижний Новгород
Имя издателя, распространителя и т. д. Литера
Дата издания, распространения и т.д. 2013
215 ## - ФИЗИЧЕСКАЯ ХАРАКТЕРИСТИКА
Специфическое обозначение материала и объем 242, [1]
Другие сведения о физической характеристике ил., цв. ил., портр.
Размеры 24
300 ## - ОБЩИЕ ПРИМЕЧАНИЯ
Текст примечания На обл. подзаг.: Нижегородское областное отделение Всероссийской творческой общественной организации Союз художников России, 1933-2013
300 ## - ОБЩИЕ ПРИМЕЧАНИЯ
Текст примечания В надзаг. также: Администрация г. Нижнего Новгорода, Нижегор. обл. отд-ние ВТОО "Союз художников России"
320 ## - ПРИМЕЧАНИЯ О НАЛИЧИИ В ДОКУМЕНТЕ БИБЛИОГРАФИИ / УКАЗАТЕЛЯ
Текст примечания Библиогр.: с. 242
601 02 - НАИМЕНОВАНИЕ ОРГАНИЗАЦИИ КАК ПРЕДМЕТ
Начальный элемент ввода Союз художников России
Структурное подразделение организации Нижегородская организация
Формальный подзаголовок Альбомы
Системный номер авторитетной/нормативной записи 2160291
Идентификатор авторитетной/нормативной записи RU\NLR\auth\661604830
606 1# - НАИМЕНОВАНИЕ ТЕМЫ КАК ПРЕДМЕТ
Наименование темы Изобразительное искусство русское
Формальный подзаголовок Альбомы
Географический подзаголовок Нижегородская область
Хронологический подзаголовок 20 - 21 вв.
Системный номер авторитетной/нормативной записи 2569794
Идентификатор авторитетной/нормативной записи RU\NLR\auth\661519694
686 ## - ИНДЕКСЫ ДРУГИХ КЛАССИФИКАЦИЙ
Индекс Щ103(2Р)7л5я61
686 ## - ИНДЕКСЫ ДРУГИХ КЛАССИФИКАЦИЙ
Индекс Щ103(2Р=Рус)7-692Нижегородская обл. я61
702 #1 - ИМЯ ЛИЦА - ВТОРИЧНАЯ ОТВЕТСТВЕННОСТЬ
Начальный элемент ввода Квач
Часть имени, кроме начального элемента ввода Н. В.
Расширение инициалов личного имени Наталья Викторовна
Код отношения Составитель
712 01 - НАИМЕНОВАНИЕ ОРГАНИЗАЦИИ - ВТОРИЧНАЯ ОТВЕТСТВЕННОСТЬ
Начальный элемент ввода Нижегородская область
Структурное подразделение Министерство культуры
801 #0 - ИСТОЧНИК ЗАПИСИ
Страна Российская Федерация
Организация РГБ
Дата составления 20130812
Правила каталогизации RCR
801 #1 - ИСТОЧНИК ЗАПИСИ
Страна Российская Федерация
Организация РГБ
Дата составления 20130812
Источник данных rusmarc
801 #2 - ИСТОЧНИК ЗАПИСИ
Страна Российская Федерация
Организация NLR
Дата составления 20131002
Правила каталогизации rcr
942 ## - ДОПОЛНИТЕЛЬНЫЕ ЭЛЕМЕНТЫ ЗАПИСИ (АБИС)
Тип экземпляра АБИС Книга
980 ## - КОЛЛЕКЦИЯ
Название коллекции НБР

Нет доступных экземпляров.